NBA Top 100 All-Time: Personal Fouls - Statistics

General Stats
  • This quiz has been taken 406 times
    23 since last reset
  • The average score is 36 of 100
Answer Stats
# Player Fouls % Correct
1 Kareem Abdul-Jabbar 4,657
100%
T12 Shaquille O'Neal 4,146
86%
2 Karl Malone 4,578
76%
39 Moses Malone 3,477
76%
57 Rasheed Wallace 3,259
76%
4 Robert Parish 4,443
71%
7 Hakeem Olajuwon 4,383
67%
90 James Harden 2,994
67%
17 John Stockton 3,942
67%
73 Mark West 3,136
67%
T49 Russell Westbrook 3,304
67%
T49 Tim Duncan 3,304
67%
10 Clifford Robinson 4,175
62%
78 Dennis Johnson 3,087
62%
27 Dirk Nowitzki 3,601
62%
18 Dwight Howard 3,912
62%
95 Eddie Johnson 2,962
62%
38 Juwan Howard 3,493
62%
47 Kobe Bryant 3,353
62%
77 Mickey Johnson 3,101
62%
48 Scottie Pippen 3,329
62%
51 Charles Barkley 3,287
57%
66 Chris Paul 3,208
57%
9 Elvin Hayes 4,193
57%
93 Isiah Thomas 2,971
57%
29 Kevin Garnett 3,561
57%
28 Kurt Thomas 3,579
57%
15 Patrick Ewing 4,034
57%
25 Bill Laimbeer 3,633
52%
T52 Clyde Drexler 3,285
52%
43 Dikembe Mutombo 3,383
52%
55 Tyson Chandler 3,268
52%
72 LaSalle Thompson 3,143
48%
100 Oscar Robertson 2,931
48%
63 P.J. Brown 3,218
48%
22 Shawn Kemp 3,826
48%
16 Vince Carter 3,995
48%
65 Alvan Adams 3,214
43%
8 Buck Williams 4,267
43%
5 Caldwell Jones 4,436
43%
T58 George Gervin 3,250
43%
91 Joe Smith 2,974
43%
T36 Julius Erving 3,494
43%
94 Larry Smith 2,966
43%
97 Mark Eaton 2,955
43%
24 Paul Pierce 3,647
43%
69 Sam Perkins 3,177
43%
6 Charles Oakley 4,421
38%
64 Gary Payton 3,217
38%
30 Carmelo Anthony 3,543
33%
96 Grant Long 2,957
33%
T52 Lenny Wilkens 3,285
33%
86 Brook Lopez 3,022
29%
T36 Danny Schayes 3,494
29%
42 Dolph Schayes 3,432
29%
75 Elton Brand 3,115
29%
84 Rick Barry 3,028
29%
87 Rik Smits 3,011
29%
85 Alex English 3,027
24%
3 Artis Gilmore 4,529
24%
46 Detlef Schrempf 3,360
24%
54 John Havlicek 3,281
24%
11 Kevin Willis 4,172
24%
60 Paul Millsap 3,248
24%
44 Tree Rollins 3,377
24%
26 Vlade Divac 3,609
24%
82 Bob Lanier 3,048
19%
14 James Edwards 4,042
19%
70 Kyle Lowry 3,169
19%
T34 Maurice Lucas 3,498
19%
33 Rick Mahorn 3,499
19%
23 Tom Chambers 3,742
19%
83 Tom Sanders 3,044
19%
80 Al Harrington 3,069
14%
81 Antoine Carr 3,063
14%
79 Antonio McDyess 3,077
14%
19 Jack Sikma 3,879
14%
41 Jerome Kersey 3,455
14%
99 Nenê 2,934
14%
21 Terry Cummings 3,836
14%
45 Bill Bridges 3,375
10%
98 Bob Dandridge 2,940
10%
32 Dan Issel 3,504
10%
89 Elden Campbell 3,006
10%
20 Hal Greer 3,855
10%
T12 Otis Thorpe 4,146
10%
31 Walt Bellamy 3,536
10%
71 Wayne Cooper 3,144
10%
T34 Bailey Howell 3,498
5%
62 George McGinnis 3,220
5%
76 Paul Silas 3,105
5%
88 Reggie Theus 3,008
5%
56 Ron Boone 3,265
5%
61 Zelmo Beaty 3,244
5%
68 Alton Lister 3,179
0%
92 Billy Paultz 2,973
0%
T58 Calvin Murphy 3,250
0%
67 Johnny Newman 3,199
0%
74 Mark Olberding 3,133
0%
40 Sam Lacey 3,473
0%
No matching quizzes found
Score Distribution
Percent of People with Each Score
Percentile by Number Answered
Your Score History
You have not taken this quiz since the last reset